SYSTEMS ANALYSIS AND PROJECT MANAGEMENT (Record no. 127320)

MARC details
000 -LEADER
fixed length control field 00355pam a2200133 a 4500
020 ## - INTERNATIONAL STANDARD BOOK NUMBER
International Standard Book Number 07-085101-8
Terms of availability
041 ## - LANGUAGE CODE
Language code of original
082 ## - DEWEY DECIMAL CLASSIFICATION NUMBER
Classification number 658.4032
Item number CLE/KIN
100 ## - MAIN ENTRY--PERSONAL NAME
Personal name CLELAND D.I.,KING W.R.,
245 ## - TITLE STATEMENT
Title SYSTEMS ANALYSIS AND PROJECT MANAGEMENT
Medium Textual Documents
260 ## - PUBLICATION, DISTRIBUTION, ETC.
Place of publication, distribution, etc. TOKYO
Name of publisher, distributor, etc. MCGRAW-HILL KOGAKUSHA LTD
Date of publication, distribution, etc. 1975
300 ## - PHYSICAL DESCRIPTION
Extent XVIII+398
930 ## - EQUIVALENCE OR CROSS-REFERENCE-UNIFORM TITLE HEADING [LOCAL, CANADA]
Uniform title 7857
Holdings
Withdrawn status Lost status Damaged status Not for loan Collection Home library Current library Date acquired Total Checkouts Full call number Barcode Date last seen Copy number Price effective from Koha item type
          Institute of Management & Entrepreneurship Development, Pune Institute of Management & Entrepreneurship Development, Pune 18/04/2011   658.4032 CLE/KIN IMP-IM-6079 01/03/2023 1 01/03/2023 Book